The Princess Plot / (Record no. 3319)
[ view plain ]
| 000 -LEADER | |
|---|---|
| fixed length control field | 00544nam a22002177a 4500 |
| 001 - CONTROL NUMBER | |
| control field | 3319 |
| 003 - CONTROL NUMBER IDENTIFIER | |
| control field | FISKH |
| 005 - DATE AND TIME OF LATEST TRANSACTION | |
| control field | 20240227123103.0 |
| 008 - FIXED-LENGTH DATA ELEMENTS--GENERAL INFORMATION | |
| fixed length control field | 240227b cb ||||| |||| 00| 0 eng d |
| 040 ## - CATALOGING SOURCE | |
| Original cataloging agency | FISK |
| Language of cataloging | eng |
| Transcribing agency | FISK |
| Modifying agency | FISK |
| 050 ## - LIBRARY OF CONGRESS CALL NUMBER | |
| Classification number | PZ7.B6358435 |
| 082 ## - DEWEY DECIMAL CLASSIFICATION NUMBER | |
| Classification number | 833.92 |
| 100 ## - MAIN ENTRY--PERSONAL NAME | |
| Personal name | Boie Kirsten : |
| Dates associated with a name | 1950 |
| 245 ## - TITLE STATEMENT | |
| Title | The Princess Plot / |
| Statement of responsibility, etc. | Kirsten Boie |
| 260 ## - PUBLICATION, DISTRIBUTION, ETC. | |
| Place of publication, distribution, etc. | New York : |
| Name of publisher, distributor, etc. | Kirsten Boie |
| Date of publication, distribution, etc. | 2005 |
| 300 ## - PHYSICAL DESCRIPTION | |
| Extent | 378 pages : |
| Other physical details | 20 cm : |
| 501 ## - WITH NOTE | |
| With note | M |
| 521 8# - TARGET AUDIENCE NOTE | |
| Target audience note | 720 |
| Source | M |
| 700 ## - ADDED ENTRY--PERSONAL NAME | |
| Personal name | Kirsten Boie |
| 942 ## - ADDED ENTRY ELEMENTS (KOHA) | |
| Source of classification or shelving scheme | Dewey Decimal Classification |
| Koha item type | Books |
| Suppress in OPAC | No |
| Withdrawn status | Lost status | Source of classification or shelving scheme | Damaged status | Not for loan | Collection | Home library | Current library | Shelving location | Date acquired | Total Checkouts | Full call number | Barcode | Date last seen | Copy number | Price effective from | Koha item type |
|---|---|---|---|---|---|---|---|---|---|---|---|---|---|---|---|---|
| Dewey Decimal Classification | Fiction | Footprints International School Library Network Toul Kork Campus | Footprints International School Library Network Toul Kork Campus | 02/27/2024 | BOI PZ7.B6358435 833.92 | 2024-0123 | 02/27/2024 | 1 | 02/27/2024 | Books |
